Dokąd można dojechać z Polski pociągiem 2025 - Statystyki

Ogólne statystyki
  • Ten quiz został rozwiązany 94 razy
  • Średni wynik to 8 z 9
Statystyki odpowiedzi
Państwo % Poprawnych
całorocznie Czechy
99%
całorocznie Niemcy
99%
całorocznie Słowacja
98%
całorocznie Ukraina
98%
całorocznie Litwa
96%
całorocznie Austria
95%
całorocznie Węgry
92%
sezonowo Chorwacja
89%
sezonowo Słowenia
73%
Nie znaleziono quizów pasujących do podanych kryteriów
Rozkład punktacji
Procent ludzi z każdym wynikiem
Percentyl według liczby udzielonych odpowiedzi
Twoja historia wyników
Nie rozwiązałeś tego quizu